000 02067nam a22002897a 4500
003 UA-OsUOA
001 131528
007 ta
008 20180607b un ||||| |||| 00| 0 ukr d
090 _bI-34
942 _cMGN
040 _aUA-OsUOA
_beng
_cUA-OsUOA
_dUA-OsUOA
245 _aInternational Journal of Multicultural and Multireligious Understanding
_bPolicy of Print Journals
_cEditor in Chief Prof. Mohammad Reevany Bustami, Associate Professor, Center for Policy Research and International Studies-Principal at Global Institute for Multidisciplinary Knowledge and Responsible Future, Germany
955 _a1
041 _aeng
022 _a2364-5369
856 4 0 _uhttps://ijmmu.com/index.php/ijmmu/issue/view/19
520 3 _aInternational Journal of Multicultural and Multireligious Understanding (IJMMU) ISSN 2364-5369 is an international, double-blind peer-reviewed, open-access journal covering the study of topics in the social & Humanities aims to provide a forum for hig
520 3 _ah quality research related to social sciences and humanities research.The main Areas relevant to the scope of the journal is multireligious and multicultural studies and also the journal focuses on the following topics: Anthropology S
520 3 _aociology Politics Culture Linguistics Ethnic Relations Immigration and Migrant Workers Studies Multicultural studies Public relations Communication Peace Studies Religious Studies It p
520 3 _arovides an academic platform for professionals and researchers to contribute innovative work in the field. The journal carries original and full-length articles that reflect the latest research and developments in both theoretical and practical aspect
520 3 _as of society and human behavior.The journal is published in both print and online versions. The online version is free access and download.IJMMU accepts submission of mainly four types: Original Articles, Short Communications, Reviews, and Pro
520 3 _aposals for special issues.
260 _c2017
246 3 1 _a6
_n
650 7 _2UDC
999 _c419858
_d419858